| 000 | 00533nam a22002057a 4500 | ||
|---|---|---|---|
| 005 | 20220517165531.0 | ||
| 008 | 220517b ||||| |||| 00| 0 eng d | ||
| 020 | _a9780140174007 | ||
| 040 | _cAL | ||
| 041 | _aEnglish | ||
| 082 |
_223 _a891.4337 _bRAKH |
||
| 100 |
_aMudra Rakshasa _937704 |
||
| 245 | _aHunted | ||
| 260 |
_aNew Delhi _bPenguin books India Pvt Ltd _c1992 |
||
| 300 |
_aix,236 p. _bPB _c19x12 cm. |
||
| 365 |
_c₹ _d₹75.00 |
||
| 650 |
_aNovel _937705 |
||
| 700 |
_aRAKSHASA (Mudra) _937706 |
||
| 942 |
_2ddc _cGF |
||
| 999 |
_c222977 _d222977 |
||